header

The art of the Renaissance (Record no. 257663)

MARC details
000 -LEADER
fixed length control field 00476nam a22001817a 4500
003 - CONTROL NUMBER IDENTIFIER
control field OSt
005 - DATE AND TIME OF LATEST TRANSACTION
control field 20190903113152.0
008 - FIXED-LENGTH DATA ELEMENTS--GENERAL INFORMATION
fixed length control field 190903b xxu||||| |||| 00| 0 eng d
010 ## - LIBRARY OF CONGRESS CONTROL NUMBER
LC control number 63018834
020 ## - INTERNATIONAL STANDARD BOOK NUMBER
International Standard Book Number 9780500200087
040 ## - CATALOGING SOURCE
Transcribing agency n/a
050 ## - LIBRARY OF CONGRESS CALL NUMBER
Classification number N6370
Item number .M97
100 ## - MAIN ENTRY--PERSONAL NAME
Personal name Murray, Peter,
Dates associated with a name 1920-1992.
245 ## - TITLE STATEMENT
Title The art of the Renaissance
260 ## - PUBLICATION, DISTRIBUTION, ETC. (IMPRINT)
Place of publication, distribution, etc New York, Praeger
Name of publisher, distributor, etc Thames and Hudson inc.
Date of publication, distribution, etc 2006
300 ## - PHYSICAL DESCRIPTION
Extent 286 p.
Other physical details illus.
Dimensions 22 cm.
942 ## - ADDED ENTRY ELEMENTS (KOHA)
Source of classification or shelving scheme Library of Congress Classification
Koha item type Long Loan Books
Holdings
Withdrawn status Lost status Source of classification or shelving scheme Damaged status Not for loan Collection code Home library Current library Shelving location Date acquired Total Checkouts Full call number Barcode Date last seen Price effective from Koha item type
    Library of Congress Classification     Non-fiction Rongo University Library Rongo University Library General Stacks 03/09/2019   N6370 .M97 2006 201617976 03/09/2019 03/09/2019 Long Loan Books

© 2026 Rongo University
Contact us: librarian | system librarian | Rongo university